| 000 | 01015nam a22002297a 4500 | ||
|---|---|---|---|
| 999 |
_c20431 _d20431 |
||
| 003 | OSt | ||
| 005 | 20240814141115.0 | ||
| 008 | 240814b ||||| |||| 00| 0 eng d | ||
| 040 | _c0 | ||
| 082 | _aDPer 507 J826 September 2019 - June 2020 v.49 n. 1-5 | ||
| 100 |
_aCallens, Melissa Vosen. _eauthor. _957674 |
||
| 245 |
_aDeveloping and implementing a campus-wide professional development program: _bsuccesses and challenges / _cMelissa Vosen Callens, Paul Kelter, Jill Motschenbacher, James Nyachwaya, Jared L. Ladbury, and Anna M. Semanko |
||
| 260 |
_aArlington USA; _bNational Science Teaching Association, _cNovember/December 2019. |
||
| 300 |
_avolume 49, pages 68-75, _billustration. |
||
| 700 |
_aCallens, Melissa Vosen. _eauthor. _957674 |
||
| 700 |
_aKelter, Paul. _eauthor. _957675 |
||
| 700 |
_aMotschenbacher, Jill. _eauthor. _957676 |
||
| 700 |
_aNyachwaya, James. _eauthor. _957677 |
||
| 700 |
_aLadbury, Jared L. _eauthor. _957678 |
||
| 700 |
_aSemanko, Anna M. _eauthor. _957679 |
||
| 942 |
_2ddc _cPER |
||